[Event "Lipetsk Region-ch Seniors"]
[Site "Lipetsk"]
[Date "2008.03.31"]
[Round "5"]
[White "Zvezdov, Nikolay S"]
[Black "Kudryashov, Nikolaj"]
[Result "1-0"]
[WhiteElo "2103"]
[BlackElo "2000"]
[PlyCount "51"]
[EventDate "2008.03.29"]
[EventType "swiss"]
[EventRounds "9"]
[EventCountry "RUS"]
[SourceTitle "EXT 2022"]
[Source "ChessBase"]
[SourceDate "2021.10.06"]
[SourceVersion "1"]
[SourceVersionDate "2021.10.06"]
[SourceQuality "1"]

1. d4 Nf6 2. Nf3 c5 3. c3 d5 4. Bf4 Qb6 5. Qb3 Nc6 6. Qxb6 axb6 7. e3 c4 8. Nbd2 Bf5 9. a3 e6 10. Ne5 Nxe5 11. Bxe5 Kd7 12. f3 Bd6 13. Bxd6 Kxd6 14. e4 dxe4 15. Nxc4+ Kc7 16. Ne5 exf3 17. gxf3 Bg6 18. Kd2 Rhd8 19. Re1 Ra5 20. Rg1 Nd7 21. f4 Nc5 22. Ke3 Na4 23. b3 Nxc3 24. Rc1 Rxa3 25. Rxc3+ Kb8 26. Be2 1-0

[Event "Lipetsk Region-ch Seniors"]
[Site "Lipetsk"]
[Date "2008.03.30"]
[Round "3"]
[White "Osipov, Alexander1111"]
[Black "Kudryashov, Nikolaj"]
[Result "0-1"]
[WhiteElo "2029"]
[BlackElo "2000"]
[PlyCount "49"]
[EventDate "2008.03.29"]
[EventType "swiss"]
[EventRounds "9"]
[EventCountry "RUS"]
[SourceTitle "EXT 2022"]
[Source "ChessBase"]
[SourceDate "2021.10.06"]
[SourceVersion "1"]
[SourceVersionDate "2021.10.06"]
[SourceQuality "1"]

1. Nf3 d5 2. g3 Nf6 3. Bg2 c5 4. d3 Nc6 5. c3 Bf5 6. 0-0 Qd7 7. Re1 e5 8. Nh4 Be6 9. Qc2 Be7 10. e4 0-0 11. Nf3 dxe4 12. dxe4 Rfd8 13. Na3 Rac8 14. Ng5 Nb4 15. Qe2 Nd3 16. Rd1 c4 17. Nxe6 Qxe6 18. Bg5 Bxa3 19. bxa3 Qa6 20. Bh3 Rc6 21. Bc1 Rcd6 22. f4 Qa5 23. Bg2 Qxc3 24. Be3 Qa5 25. Rab1 0-1

[Event "Lipetsk Region-ch sf"]
[Site "Lipetsk"]
[Date "2007.10.21"]
[Round "9"]
[White "Geranichev, Mikhail"]
[Black "Kudryashov, Nikolaj"]
[Result "1/2-1/2"]
[WhiteElo "1647"]
[BlackElo "2016"]
[PlyCount "87"]
[EventDate "2007.09.25"]
[EventType "swiss"]
[EventRounds "9"]
[EventCountry "RUS"]
[SourceTitle "EXT 2022"]
[Source "ChessBase"]
[SourceDate "2021.10.06"]
[SourceVersion "1"]
[SourceVersionDate "2021.10.06"]
[SourceQuality "1"]

1. e4 e5 2. Nf3 Nc6 3. Bb5 a6 4. Ba4 d6 5. 0-0 Bg4 6. h3 h5 7. c3 Qf6 8. d3 Bxf3 9. Qxf3 Qxf3 10. Bxc6+ bxc6 11. gxf3 Ne7 12. f4 exf4 13. Bxf4 g5 14. Be3 Rg8 15. Kh2 f5 16. Na3 f4 17. Bd2 Ng6 18. d4 Be7 19. f3 0-0-0 20. Nc4 d5 21. exd5 cxd5 22. Na5 Bd6 23. Rae1 Kd7 24. b4 Rdf8 25. Nb7 Be7 26. Re2 Kc6 27. Na5+ Kb5 28. Re6 Bd8 29. Nb7 Kc4 30. Rd1 Nh4 31. Na5+ Kb5 32. Rf1 Re8 33. Ree1 Nf5 34. Kg1 g4 35. hxg4 hxg4 36. Rxe8 Rxe8 37. fxg4 Rg8 38. Kf2 Rxg4 39. Rg1 Rxg1 40. Kxg1 Ne3 41. Bxe3 fxe3 42. Kf1 Bh4 43. Ke2 Bg5 44. Kd3 1/2-1/2

[Event "Lipetsk Region-ch sf"]
[Site "Lipetsk"]
[Date "2007.10.11"]
[Round "7"]
[White "Kudryashov, Nikolaj"]
[Black "Smolyaninov, Sergej"]
[Result "0-1"]
[WhiteElo "2016"]
[BlackElo "1990"]
[PlyCount "118"]
[EventDate "2007.09.25"]
[EventType "swiss"]
[EventRounds "9"]
[EventCountry "RUS"]
[SourceTitle "EXT 2022"]
[Source "ChessBase"]
[SourceDate "2021.10.06"]
[SourceVersion "1"]
[SourceVersionDate "2021.10.06"]
[SourceQuality "1"]

1. c4 Nf6 2. Nc3 e6 3. e4 d5 4. e5 d4 5. exf6 dxc3 6. bxc3 Qxf6 7. d4 c5 8. Nf3 h6 9. Bd3 cxd4 10. cxd4 Bb4+ 11. Kf1 0-0 12. Qe2 Nc6 13. Qe4 Rd8 14. Rb1 Bd6 15. Bd2 e5 16. d5 Ne7 17. g4 Qg6 18. Rg1 Qxe4 19. Bxe4 b6 20. Bb4 Ba6 21. Nd2 Rac8 22. Bxd6 Rxd6 23. Kg2 Bxc4 24. Rgc1 Bxa2 25. Rxc8+ Nxc8 26. Rc1 Rd8 27. Rc7 a5 28. f3 a4 29. Rc2 Bb3 30. Nxb3 axb3 31. Rb2 Nd6 32. Rxb3 b5 33. Rb4 Kf8 34. h4 Ke7 35. Bd3 Rb8 36. Kf2 Kd7 37. Ke3 Kc7 38. f4 f6 39. g5 Kb6 40. gxh6 gxh6 41. fxe5 fxe5 42. Rg4 Kc5 43. Rg6 Rb6 44. h5 b4 45. Kd2 Kd4 46. Kc2 b3+ 47. Kd2 e4 48. Bb1 Kxd5 49. Kc3 b2 50. Ba2+ Ke5 51. Rg1 Kf4 52. Bb3 Kf3 53. Kxb2 Kf2 54. Rg6 e3 55. Rf6+ Ke1 56. Kc1 Nc4 57. Rf4 Rxb3 58. Rxc4 e2 59. Rg4 Kf2 0-1

[Event "Lipetsk Region-ch sf"]
[Site "Lipetsk"]
[Date "2007.10.10"]
[Round "6"]
[White "Solovyov, Sergey V"]
[Black "Kudryashov, Nikolaj"]
[Result "1/2-1/2"]
[WhiteElo "2077"]
[BlackElo "2016"]
[PlyCount "86"]
[EventDate "2007.09.25"]
[EventType "swiss"]
[EventRounds "9"]
[EventCountry "RUS"]
[SourceTitle "EXT 2022"]
[Source "ChessBase"]
[SourceDate "2021.10.06"]
[SourceVersion "1"]
[SourceVersionDate "2021.10.06"]
[SourceQuality "1"]

1. d4 Nf6 2. Bg5 c5 3. Bxf6 gxf6 4. d5 Qb6 5. b3 f5 6. e3 Bg7 7. c3 d6 8. Qc2 Na6 9. Bxa6 Qxa6 10. Nd2 b5 11. Rc1 Qb7 12. e4 0-0 13. Ngf3 e6 14. dxe6 fxe6 15. 0-0 f4 16. Rfe1 e5 17. c4 b4 18. Qd3 Rf6 19. Qd5+ Kh8 20. Qxb7 Bxb7 21. Nh4 Bc8 22. h3 a5 23. Ndf3 Bf8 24. Rcd1 Rf7 25. Rd3 a4 26. Red1 axb3 27. axb3 Ra6 28. Nd2 Rfa7 29. Kf1 Ra1 30. Rxa1 Rxa1+ 31. Ke2 Ra2 32. Kf3 Kg8 33. Nf5 Ra6 34. g4 Kf7 35. g5 Ke6 36. h4 Ra1 37. Kg2 Bd7 38. h5 Ra3 39. Rh3 Ra2 40. Nf3 Ra7 41. Nh2 Bc6 42. f3 Ra2+ 43. Kf1 Ra1+ 1/2-1/2

[Event "Lipetsk Region-ch sf"]
[Site "Lipetsk"]
[Date "2007.10.09"]
[Round "5"]
[White "Kudryashov, Nikolaj"]
[Black "Nikiforov, Vadim"]
[Result "1/2-1/2"]
[WhiteElo "2016"]
[BlackElo "1975"]
[PlyCount "45"]
[EventDate "2007.09.25"]
[EventType "swiss"]
[EventRounds "9"]
[EventCountry "RUS"]
[SourceTitle "EXT 2022"]
[Source "ChessBase"]
[SourceDate "2021.10.06"]
[SourceVersion "1"]
[SourceVersionDate "2021.10.06"]
[SourceQuality "1"]

1. c4 f5 2. Nf3 Nf6 3. g3 g6 4. b3 Bg7 5. Bb2 0-0 6. Bg2 d6 7. d4 c6 8. 0-0 a5 9. e3 Na6 10. Nc3 Bd7 11. Qc2 Rc8 12. Rad1 Qc7 13. Rfe1 e5 14. dxe5 dxe5 15. Na4 Rce8 16. Qd2 c5 17. Qd6 Bxa4 18. Qxc7 Nxc7 19. bxa4 e4 20. Nd2 Ng4 21. Bxg7 Kxg7 22. Rb1 Rb8 23. f3 1/2-1/2

[Event "Lipetsk Region-ch sf"]
[Site "Lipetsk"]
[Date "2007.09.27"]
[Round "3"]
[White "Kudryashov, Nikolaj"]
[Black "Morev, Ivan"]
[Result "0-1"]
[WhiteElo "2016"]
[BlackElo "2181"]
[PlyCount "74"]
[EventDate "2007.09.25"]
[EventType "swiss"]
[EventRounds "9"]
[EventCountry "RUS"]
[SourceTitle "EXT 2022"]
[Source "ChessBase"]
[SourceDate "2021.10.06"]
[SourceVersion "1"]
[SourceVersionDate "2021.10.06"]
[SourceQuality "1"]

1. c4 e5 2. Nc3 Nf6 3. g3 c6 4. Nf3 e4 5. Nd4 Qb6 6. Nb3 d5 7. cxd5 cxd5 8. Bg2 Bf5 9. f3 Bb4 10. Na4 Qc7 11. 0-0 h5 12. fxe4 Bxe4 13. d3 Bxg2 14. Kxg2 h4 15. Bf4 Bd6 16. Rc1 Nc6 17. e3 Bxf4 18. gxf4 Rh6 19. Nd4 Kf8 20. Nc5 Nd7 21. Nf3 Nxc5 22. Rxc5 Qe7 23. Qc1 Re8 24. Re1 h3+ 25. Kf1 Qe6 26. Rc2 Nb4 27. Rd2 b6 28. Qc3 a5 29. Ne5 f6 30. Nf3 Qg4 31. Rf2 Qf5 32. Rd2 Nxa2 33. Qc7 Nb4 34. e4 Qg4 35. Kf2 Qg2+ 36. Ke3 d4+ 37. Nxd4 Nd5# 0-1

[Event "Lipetsk City-ch"]
[Site "Lipetsk"]
[Date "2007.08.16"]
[Round "3"]
[White "Kudryashov, Nikolaj"]
[Black "Dulin, Anatoliy"]
[Result "0-1"]
[WhiteElo "2016"]
[BlackElo "2015"]
[PlyCount "96"]
[EventDate "2007.08.14"]
[EventType "swiss"]
[EventRounds "9"]
[EventCountry "RUS"]
[SourceTitle "EXT 2009"]
[Source "ChessBase"]
[SourceDate "2008.11.26"]
[SourceVersion "1"]
[SourceVersionDate "2008.11.26"]
[SourceQuality "1"]

1. c4 e6 2. Nf3 Nf6 3. g3 b6 4. Bg2 Bb7 5. 0-0 c5 6. b3 Be7 7. Bb2 0-0 8. d3 d5 9. Nbd2 Nc6 10. a3 d4 11. Qc2 Qd7 12. e4 dxe3 13. fxe3 Ng4 14. Rae1 Bf6 15. Bxf6 Nxf6 16. Ne4 Nxe4 17. dxe4 Qc7 18. Qc3 Rad8 19. Rf2 Rd7 20. Ref1 h6 21. b4 cxb4 22. axb4 a6 23. Bh3 Re7 24. Bg2 Rd8 25. g4 Red7 26. g5 hxg5 27. b5 axb5 28. cxb5 g4 29. bxc6 gxf3 30. Bxf3 Qxc6 31. Qe5 Qc5 32. Qg3 Qxe3 33. Bh5 Qxg3+ 34. hxg3 g6 35. Bf3 Rd2 36. Rb1 R2d4 37. Re2 Ba6 38. Ra2 Bd3 39. Rxb6 Bxe4 40. Bxe4 Rxe4 41. Rb7 Rd5 42. Raa7 Rf5 43. Re7 g5 44. Ra8+ Kg7 45. Ree8 g4 46. Rg8+ Kf6 47. Ra2 Rd5 48. Kf2 Kf5 0-1

[Event "Lipetsk City-ch"]
[Site "Lipetsk"]
[Date "2007.08.14"]
[Round "1"]
[White "Kudryashov, Nikolaj"]
[Black "Shishkin, Aleksey"]
[Result "0-1"]
[WhiteElo "2016"]
[BlackElo "2109"]
[PlyCount "86"]
[EventDate "2007.08.14"]
[EventType "swiss"]
[EventRounds "9"]
[EventCountry "RUS"]
[SourceTitle "EXT 2009"]
[Source "ChessBase"]
[SourceDate "2008.11.26"]
[SourceVersion "1"]
[SourceVersionDate "2008.11.26"]
[SourceQuality "1"]

1. c4 e6 2. Nf3 Nf6 3. g3 b6 4. Bg2 Bb7 5. 0-0 c5 6. b3 Be7 7. Bb2 0-0 8. d3 d5 9. Nbd2 Nc6 10. a3 Qd7 11. Qc2 Rac8 12. Rad1 d4 13. e4 dxe3 14. fxe3 Ng4 15. Rfe1 Rcd8 16. Ne4 f5 17. Qc3 Rf7 18. Neg5 Bf6 19. Qc2 Re7 20. d4 Qc8 21. h3 Nxe3 22. Rxe3 cxd4 23. Ree1 h6 24. h4 hxg5 25. Nxg5 Qb8 26. Nxe6 Rde8 27. Bd5 Qxg3+ 28. Qg2 Qxg2+ 29. Kxg2 Nd8 30. Bxd4 Bxd4 31. Rxd4 Nxe6 32. Rxe6 Rxe6 33. Bxb7 Kh7 34. b4 R8e7 35. Bf3 Re3 36. c5 bxc5 37. bxc5 Rxa3 38. c6 Ree3 39. Rf4 Kg6 40. Rc4 Rec3 41. Rf4 Kf6 42. Kf2 Ke5 43. Kg3 Rxc6 0-1

[Event "Lipetsk op 11th"]
[Site "Lipetsk"]
[Date "2007.08.13"]
[Round "9"]
[White "Kudryashov, Nikolaj"]
[Black "Filin, Alexander"]
[Result "0-1"]
[WhiteElo "2016"]
[BlackElo "2139"]
[PlyCount "38"]
[EventDate "2007.08.05"]
[EventType "swiss"]
[EventRounds "9"]
[EventCountry "RUS"]
[SourceTitle "EXT 2022"]
[Source "ChessBase"]
[SourceDate "2021.10.06"]
[SourceVersion "1"]
[SourceVersionDate "2021.10.06"]
[SourceQuality "1"]

1. g3 e5 2. d4 exd4 3. Qxd4 Nc6 4. Qd1 Nf6 5. e3 d5 6. c3 Bf5 7. Nd2 Be7 8. Ngf3 0-0 9. Nh4 Bg4 10. Be2 Bxe2 11. Qxe2 Qd7 12. h3 Rad8 13. Ndf3 Rfe8 14. Nd4 Nxd4 15. cxd4 Ne4 16. Qf3 Bb4+ 17. Bd2 Nxd2 18. Qd1 Nb3+ 19. Kf1 Nxa1 0-1

[Event "Lipetsk King's Gambit op-C"]
[Site "Lipetsk"]
[Date "2007.06.26"]
[Round "5"]
[White "Kudryashov, Nikolaj"]
[Black "Kurbatov, Andrei"]
[Result "1/2-1/2"]
[WhiteElo "2016"]
[BlackElo "2122"]
[PlyCount "77"]
[EventDate "2007.06.22"]
[EventType "swiss"]
[EventRounds "9"]
[EventCountry "RUS"]
[SourceTitle "EXT 2022"]
[Source "ChessBase"]
[SourceDate "2021.10.06"]
[SourceVersion "1"]
[SourceVersionDate "2021.10.06"]
[SourceQuality "1"]

1. c4 c5 2. Nc3 g6 3. g3 Bg7 4. Bg2 Nc6 5. e4 d6 6. Nge2 Nf6 7. 0-0 0-0 8. d3 Bg4 9. h3 Bd7 10. Be3 e5 11. f4 Nd4 12. Qd2 Qa5 13. fxe5 dxe5 14. Rae1 Be6 15. Bh6 Nh5 16. Kh2 Bxh6 17. Qxh6 f6 18. Qd2 Rf7 19. Rf2 Raf8 20. b3 Ng7 21. Nxd4 cxd4 22. Nd5 Qxd2 23. Rxd2 Rc8 24. g4 Ne8 25. Rf2 Kg7 26. Ref1 b6 27. Kg3 Bxd5 28. exd5 Nd6 29. Re2 h6 30. Rc1 Re7 31. b4 Rec7 32. Rec2 Nb5 33. Rf2 Nd6 34. Re1 Re8 35. Rd2 Kf7 36. a3 Ke7 37. Rf1 Rf8 38. Re1 Rfc8 39. Rf1 1/2-1/2

[Event "Lipetsk-ch Seniors"]
[Site "Lipetsk"]
[Date "2007.02.01"]
[Round "6"]
[White "Degtiarev, Viktor"]
[Black "Kudryashov, Nikolaj"]
[Result "0-1"]
[WhiteElo "1905"]
[BlackElo "2027"]
[PlyCount "60"]
[EventDate "2007.01.27"]
[EventType "swiss"]
[EventRounds "9"]
[EventCountry "RUS"]
[SourceTitle "EXT 2019"]
[Source "ChessBase"]
[SourceDate "2018.10.10"]
[SourceVersion "1"]
[SourceVersionDate "2018.10.10"]
[SourceQuality "1"]

1. e4 e5 2. Nf3 Nc6 3. d4 exd4 4. Bc4 Nf6 5. e5 d5 6. Bb5 Ne4 7. Nxd4 Bd7 8. Bxc6 bxc6 9. 0-0 Be7 10. c3 0-0 11. Nd2 Nxd2 12. Bxd2 c5 13. Nf3 Bg4 14. h3 Bh5 15. Qe2 Rb8 16. b3 Rb6 17. g4 Bg6 18. Be3 f6 19. b4 fxe5 20. Nxe5 Be8 21. bxc5 Re6 22. Nd3 Bf6 23. Qd2 Re4 24. Rfd1 Bb5 25. Nb2 c6 26. a4 Ba6 27. Rac1 Be5 28. f3 Rxf3 29. Bg5 Rg3+ 30. Kh1 Qf8 0-1

[Event "Lipetsk-ch Seniors"]
[Site "Lipetsk"]
[Date "2007.01.30"]
[Round "4"]
[White "Shishkin, Lev"]
[Black "Kudryashov, Nikolaj"]
[Result "1-0"]
[WhiteElo "2099"]
[BlackElo "2027"]
[PlyCount "67"]
[EventDate "2007.01.27"]
[EventType "swiss"]
[EventRounds "9"]
[EventCountry "RUS"]
[SourceTitle "EXT 2019"]
[Source "ChessBase"]
[SourceDate "2018.10.10"]
[SourceVersion "1"]
[SourceVersionDate "2018.10.10"]
[SourceQuality "1"]

1. e4 e5 2. Nf3 Nc6 3. Bb5 a6 4. Ba4 d6 5. Bxc6+ bxc6 6. d4 f6 7. 0-0 g6 8. c3 Be6 9. Re1 Qd7 10. Nbd2 Nh6 11. b3 Nf7 12. Nf1 Qd8 13. Bb2 Bg7 14. c4 0-0 15. Qc2 Bd7 16. Rad1 Bg4 17. Rd3 f5 18. N3d2 exd4 19. Bxd4 fxe4 20. Nxe4 Bxd4 21. Rxd4 Ne5 22. Neg3 Qg5 23. Qd2 Qxd2 24. Rxd2 Rae8 25. Re3 Bd7 26. f3 Re7 27. Ne4 Rfe8 28. Nf6+ Kf7 29. Nxe8 Bxe8 30. f4 Nd7 31. Rde2 Rxe3 32. Rxe3 Kf6 33. Nd2 d5 34. Nf3 1-0

[Event "Lipetsk-ch Seniors"]
[Site "Lipetsk"]
[Date "2007.01.29"]
[Round "3"]
[White "Kudryashov, Nikolaj"]
[Black "Osipov, Alexander1111"]
[Result "0-1"]
[WhiteElo "2027"]
[BlackElo "2026"]
[PlyCount "50"]
[EventDate "2007.01.27"]
[EventType "swiss"]
[EventRounds "9"]
[EventCountry "RUS"]
[SourceTitle "EXT 2019"]
[Source "ChessBase"]
[SourceDate "2018.10.10"]
[SourceVersion "1"]
[SourceVersionDate "2018.10.10"]
[SourceQuality "1"]

1. c4 c5 2. Nc3 Nf6 3. e4 Nc6 4. g3 d6 5. Bg2 g6 6. Nge2 Bg7 7. 0-0 0-0 8. d3 a6 9. h3 Bd7 10. Be3 Rb8 11. f4 b5 12. b3 e6 13. Rc1 b4 14. Nb1 Qa5 15. Rc2 e5 16. f5 Ne8 17. g4 Nd4 18. Rb2 f6 19. Nxd4 cxd4 20. Bd2 Qc7 21. h4 a5 22. Qe1 Bc6 23. Bh3 gxf5 24. gxf5 h5 25. Kh2 Qf7 0-1